<?xml version="1.0" encoding="UTF-8"?><?xml-stylesheet type="text/xsl" href="static/style.xsl"?><OAI-PMH xmlns="http://www.openarchives.org/OAI/2.0/" xmlns:xsi="http://www.w3.org/2001/XMLSchema-instance" xsi:schemaLocation="http://www.openarchives.org/OAI/2.0/ http://www.openarchives.org/OAI/2.0/OAI-PMH.xsd"><responseDate>2026-06-01T18:12:32Z</responseDate><request verb="GetRecord" identifier="oai:riuma.uma.es:10630/33468" metadataPrefix="marc">https://riuma.uma.es/rest/oai/request</request><GetRecord><record><header><identifier>oai:riuma.uma.es:10630/33468</identifier><datestamp>2026-02-03T11:22:28Z</datestamp><setSpec>com_10630_2254</setSpec><setSpec>col_10630_37953</setSpec></header><metadata><record xmlns="http://www.loc.gov/MARC21/slim" xmlns:dcterms="http://purl.org/dc/terms/" xmlns:doc="http://www.lyncode.com/xoai" xmlns:xsi="http://www.w3.org/2001/XMLSchema-instance" xsi:schemaLocation="http://www.loc.gov/MARC21/slim http://www.loc.gov/standards/marcxml/schema/MARC21slim.xsd">
   <leader>00925njm 22002777a 4500</leader>
   <datafield ind2=" " ind1=" " tag="042">
      <subfield code="a">dc</subfield>
   </datafield>
   <datafield ind2=" " ind1=" " tag="720">
      <subfield code="a">Benítez, Maribel</subfield>
      <subfield code="e">author</subfield>
   </datafield>
   <datafield ind2=" " ind1=" " tag="720">
      <subfield code="a">Romero-Pacheco, David</subfield>
      <subfield code="e">author</subfield>
   </datafield>
   <datafield ind2=" " ind1=" " tag="720">
      <subfield code="a">Chirosa, Manuel</subfield>
      <subfield code="e">author</subfield>
   </datafield>
   <datafield ind2=" " ind1=" " tag="720">
      <subfield code="a">Real-Giménez, Raimundo</subfield>
      <subfield code="e">author</subfield>
   </datafield>
   <datafield ind2=" " ind1=" " tag="260">
      <subfield code="c">2017</subfield>
   </datafield>
   <datafield ind2=" " ind1=" " tag="520">
      <subfield code="a">Eco–geographical characterization of aquatic microhabitats used by amphibians in the Mediterranean Basin. Small freshwater ecosystems, whether natural or artificial origin, are aquatic microhabitats for many species and are particularly important in the Mediterranean region. This study characterizes the aquatic microhabitats suitable for amphibian reproduction in the Andalusian Mediterranean Basin and identifies the environmental and geographical features that determine the presence of different amphibian species in these water bodies. Geographical and environmental favourability models were performed to determine the relationship between characteristics of the microhabitats and species presence. The characteristics analysed were geographical&#xd;
location, external environment (climate and topography), surrounding conditions (connectivity and conservation), type of water body, water conditions, and water dimensions. Microhabitats located in the western and central part of the study area were geographically favourable for most species. In descending order, the most common environmental factors characterizing the microhabitats were typology, surrounding conditions, water condition, external environment and size of the water body. The most common variables in the models were the connectivity between water bodies and old wells, a frequent type of microhabitat in areas of traditional cultures. Management plans should take these results into account in efforts to preserve these habitats for&#xd;
wildlife and especially amphibians.</subfield>
   </datafield>
   <datafield ind1="8" ind2=" " tag="024">
      <subfield code="a">Benítez, M., Romero, D., Chirosa, M. &amp; Real, R., (2017). Eco–geographical characterization of aquatic microhabitats used by amphibians in the Mediterranean Basin. Animal Biodiversity and Conservation, 40.1: 27–40.  https:// doi.org/10.32800/abc.2017.40.0027</subfield>
   </datafield>
   <datafield ind1="8" ind2=" " tag="024">
      <subfield code="a">1578–665 X</subfield>
   </datafield>
   <datafield ind1="8" ind2=" " tag="024">
      <subfield code="a">https://hdl.handle.net/10630/33468</subfield>
   </datafield>
   <datafield ind1="8" ind2=" " tag="024">
      <subfield code="a">10.32800/abc.2017.40.0027</subfield>
   </datafield>
   <datafield tag="653" ind2=" " ind1=" ">
      <subfield code="a">Agua - Microbiología - Penísula Ibérica</subfield>
   </datafield>
   <datafield ind2="0" ind1="0" tag="245">
      <subfield code="a">Eco–geographical characterization of aquatic microhabitats used by amphibians in the Mediterranean Basin</subfield>
   </datafield>
</record>
</metadata></record></GetRecord></OAI-PMH>